00898nam a22002297a 450000500170000000800410001701700420005802000150010004000230011508200220013810000370016024501220019725000090031926000550032830000250038365000370040865000410044565100100048694200120049699900170050895201430052520240530110909.0220308s2005 ua g 000 0 ara d a2005/10918bمصر. دار الكتب a9772085356 aEG-CaGPLcEG-CaGPL04221a320.9/bم ز0 aمحمد احمد العشملى12aالزحف الى الجحيم :b1940 - 2005 : حرب الكل ضد الجميع /cمحمد احمد العشملى aط.1 aالقاهرة : bمكتبة مدبولى،c2006 a381 ص. ؛c24 سم.072qrmakaالاجتماع، علم072qrmakaالقومية العربية 2qrmak 2ddccBK c66271d66271 00104070aCAIbCAIcالعلوم الاجتماعية-عربىd2022-03-08l0o320.9/ م زp167564r2022-03-08 00:00:00w2022-03-08yBK